|
|
|
|
| LEADER |
02342nam a2200661 i 4500 |
| 001 |
nkc20203241420 |
| 003 |
CZ PrNK |
| 005 |
20210701130421.0 |
| 007 |
ta |
| 008 |
210325s2021 xr e 000 0acze |
| 015 |
|
|
|a cnb003241420
|
| 020 |
|
|
|a 978-80-200-3197-6
|q (vázáno)
|
| 035 |
|
|
|a (OCoLC)1263256976
|
| 040 |
|
|
|a ABA001
|b cze
|d OLA001
|e rda
|
| 041 |
1 |
|
|a cze
|h ger
|
| 043 |
|
|
|a e-gx---
|
| 045 |
|
|
|a x1x1
|
| 072 |
|
7 |
|a 355/359
|x Vojenství. Obrana země. Ozbrojené síly
|2 Konspekt
|9 15
|
| 072 |
|
7 |
|a 929
|x Biografie
|2 Konspekt
|9 8
|
| 080 |
|
|
|a 821.112.2-051
|2 MRF
|
| 080 |
|
|
|a 355.11
|2 MRF
|
| 080 |
|
|
|a 355.48(100)"1914/1918"
|2 MRF
|
| 080 |
|
|
|a 355.483(1-071-15)"1914/1918"
|2 MRF
|
| 080 |
|
|
|a 929
|2 MRF
|
| 080 |
|
|
|a (430)
|2 MRF
|
| 080 |
|
|
|a (093.3)355.48
|2 MRF
|
| 100 |
1 |
|
|a Jünger, Ernst,
|d 1895-1998
|7 jn19990004119
|4 aut
|
| 240 |
1 |
0 |
|a In Stahlgewittern.
|l Česky
|7 aun20211119323
|
| 245 |
1 |
0 |
|a V bouřích ocele /
|c Ernst Jünger ; přeložil Michael Půček
|
| 250 |
|
|
|a Vydání první
|
| 264 |
|
1 |
|a Praha :
|b Academia,
|c 2021
|
| 300 |
|
|
|a 283 stran ;
|c 21 cm
|
| 336 |
|
|
|a text
|b txt
|2 rdacontent
|
| 337 |
|
|
|a bez média
|b n
|2 rdamedia
|
| 338 |
|
|
|a svazek
|b nc
|2 rdacarrier
|
| 490 |
1 |
|
|a Europa ;
|v sv. 81
|
| 500 |
|
|
|a Přeloženo z němčiny
|
| 504 |
|
|
|a Obsahuje bibliografické odkazy
|
| 600 |
1 |
7 |
|a Jünger, Ernst,
|d 1895-1998
|7 jn19990004119
|2 czenas
|
| 648 |
|
7 |
|a 1914-1918
|7 ch460644
|2 czenas
|
| 648 |
|
7 |
|a 20. století
|7 ch460558
|2 czenas
|
| 650 |
0 |
7 |
|a němečtí spisovatelé
|7 ph123532
|y 20. století
|2 czenas
|
| 650 |
0 |
7 |
|a vojáci
|7 ph127219
|z Německo
|y 1914-1918
|2 czenas
|
| 650 |
0 |
7 |
|a první světová válka (1914-1918)
|7 ph126327
|2 czenas
|
| 650 |
0 |
7 |
|a západní fronta (1914-1918)
|7 ph826221
|2 czenas
|
| 650 |
0 |
9 |
|a German authors
|y 20th century
|2 eczenas
|
| 650 |
0 |
9 |
|a soldiers
|z Germany
|y 1914-1918
|2 eczenas
|
| 650 |
0 |
9 |
|a World War (1914-1918)
|2 eczenas
|
| 650 |
0 |
9 |
|a Western Front (1914-1918)
|2 eczenas
|
| 655 |
|
7 |
|a válečné deníky
|7 fd118625
|2 czenas
|
| 655 |
|
9 |
|a war diaries
|2 eczenas
|
| 700 |
1 |
|
|a Půček, Michael,
|d 1966-
|7 pna2008424713
|4 trl
|
| 830 |
|
0 |
|a Europa (Academia)
|0 s
|
| 910 |
2 |
|
|a BOA001
|b 2-1465.297
|
| 990 |
|
|
|a BK
|
| 995 |
|
|
|a 01
|
| 991 |
|
|
|b 202106
|c NOV
|
| 996 |
6 |
|
|b 2610865944
|c 2-1465.297
|l MZK
|r Sklad / do 1 hodiny
|n 7
|p p.v.
|w 001852558
|u 000010
|a 1
|e BOA001
|j MZK50
|s P
|